000 00693nam a2200241Ia 4500
003 OSt
005 20221005121912.0
006 a|||||r|||| 00| 0
007 ta
008 221004b |||||||| |||| 00| 0 eng d
024 _a33599
037 _cTextual
040 _aCRL
_cCRL
_beng
041 _2eng
_aeng
082 _aO:1K08x, bG1.1-.2
100 _aPatterson Frank Allen
_9631224
245 0 _aIndex to the Columbia editiion of the works of John Milton
260 _c1951
650 _aENGLISH LITERATURE
700 _a Fogle French Rowe
_9631225
942 _hO:1K08x, bG1.1-.2
_cTEXL
_2cc
999 _c1042616
_d1042616